Countries of the World- Rebus Edition #2 - Statistics

General Stats
  • This quiz has been taken 238 times
  • The average score is 14 of 16
Answer Stats
Picture Answer % Correct
Kiribati
95%
Guyana
93%
Turkey
93%
Denmark
92%
Mongolia
92%
Peru
92%
Brazil
91%
Ireland
90%
Egypt
88%
Grenada
86%
New Zealand
86%
Sweden
79%
Germany
77%
Belgium
76%
Malaysia
72%
Comoros
65%
No matching quizzes found
Score Distribution
Percent of People with Each Score
Percentile by Number Answered
Your Score History
You have not taken this quiz